| 000 | 01447nam a2200193 a 4500 | ||
|---|---|---|---|
| 005 | 20260217115231.0 | ||
| 008 | 260204s2026##################000#0#eng## | ||
| 020 |
_a9780521627252 _qpbk |
||
| 041 | _aeng | ||
| 082 | 0 | 4 |
_a302.34 _bBUK |
| 100 | _aBukowski, William M | ||
| 245 | 1 | 0 |
_aThe Company They Keep: Friendship in Childhood and Adolescence _c/William M. Bukowski , Andrew F. Newcomb , Willard W. Hartup |
| 250 | _aReprint | ||
| 260 |
_bCambridge Univ Pr _c1998 |
||
| 300 |
_a426p,; _c20 cm. |
||
| 504 | _aindex | ||
| 520 | _aFriendship is one of life's most essential and rewarding forms of interaction--a feature of every culture that most persons experience daily. While most research efforts on friendship have concentrated on such issues as peer acceptance and dyadic properties, there has been little exploration of friendship's role in a child's social and emotional growth. The Company They Keep provides a forum in which a group of internationally recognized scholars presents the major conceptual issues, themes, goals, methodological strategies and findings from their research on friendship. Contributors explore a variety of topics, including cultural variations in childrens' and adolescents' friendships, the association between friendship and cognitive and personality development, the effect of friendship on adjustment, and the links between experience within the family and relationships with friends. | ||
| 942 | _cREF | ||
| 999 |
_c610133 _d610133 |
||